| 000 | 01096nam a22001937a 4500 | ||
|---|---|---|---|
| 003 | OSt | ||
| 005 | 20251121145839.0 | ||
| 008 | 251121b |||||||| |||| 00| 0 eng d | ||
| 040 | _cDCL | ||
| 082 | _a၂၉၄.၃၈၂၃၅၁၃ | ||
| 130 |
_aတိပိဋက။ _pသုတ္တန္တပိဋက။ _pခုဒ္ဒကနိကာယ။ _tဣတိဝုတ္တက၊ _lအဋ္ဌကထာ၊ _sနိဿယ။ |
||
| 245 |
_aဣတိဝုတ္တက အဋ္ဌကထာနိဿယ၊ _nပထမတွဲ / _cအသျှင်စာဂရမထေရ်။ |
||
| 250 | _aဒုတိယအကြိမ်။ | ||
| 264 |
_aမန္တလေး ၊ _bမန္တလေးတောင် ပိဋကတ်တော်စာပုံနှိပ်တိုက်၊ _c၁၉၄၁။ |
||
| 300 |
_a၄၅၆ စာမျက်နှာ ၊ _c၂၅ စင်တီ။ |
||
| 650 |
_aဣတိဝုတ္တက _vအဋ္ဌကထာ နိဿယ။ |
||
| 700 | _aစာဂရမထေရ်၊ အသျှင် | ||
| 942 |
_2ddc _cSHORT TERM _n0 |
||
| 999 |
_c2582 _d2582 |
||